Artistes ayant des Même Chansons à #NOPLP - Statistiques

Statistiques générales
  • Ce quiz a été pris 102 fois
    36 depuis la dernière actualisation
  • Le résultat moyen est 75 sur 241
Statistiques - réponses
Nb MC Artistes % Correct
3 Gold
89%
15 Jean-Jacques Goldman
89%
4 M
83%
13 Céline Dion
78%
2 Gims
78%
11 Michel Sardou
78%
6 Pascal Obispo
78%
8 Charles Aznavour
72%
9 France Gall
72%
6 Daniel Balavoine
67%
1 David Hallyday
67%
8 Florent Pagny
67%
11 Johnny Hallyday
67%
6 Lara Fabian
67%
7 Patrick Bruel
67%
1 Patrick Fiori
67%
1 Tal
67%
6 Vianney
67%
1 Zaz
67%
6 Zazie
67%
3 Angèle
61%
9 Claude François
61%
1 Frédéric François
61%
2 Garou
61%
5 Jenifer
61%
5 Laurent Voulzy
61%
1 Slimane
61%
3 Soprano
61%
3 Sylvie Vartan
61%
5 Alain Souchon
56%
4 Amir
56%
8 Calogero
56%
6 Christophe Maé
56%
4 Eddy Mitchell
56%
6 Édith Piaf
56%
2 Lorie
56%
8 Michel Berger
56%
3 Renaud
56%
3 Serge Gainsbourg
56%
1 Alizée
50%
3 Amel Bent
50%
2 Christophe Willem
50%
3 Clara Luciani
50%
4 Dalida
50%
4 Georges Brassens
50%
1 Grégory Lemarchal
50%
1 Jacques Dutronc
50%
1 Jean-Louis Aubert
50%
4 Julien Doré
50%
7 Louane
50%
2 M. Pokora
50%
1 Nolwenn Leroy
50%
5 Patricia Kaas
50%
3 Téléphone
50%
1 Catherine Lara
44%
2 Coeur de Pirate
44%
2 Dave
44%
1 Début de soirée
44%
8 Francis Cabrel
44%
1 Gilbert Bécaud
44%
3 Grégoire
44%
1 Hoshi
44%
1 Indochine
44%
5 Julien Clerc
44%
4 Kendji Girac
44%
3 Kyo
44%
4 Mylène Farmer
44%
1 Sheila
44%
3 Stromae
44%
1 Tryo
44%
4 Véronique Sanson
44%
1 Bénabar
39%
1 Bigflo et Oli
39%
3 Christophe
39%
2 Claudio Capéo
39%
1 Elsa
39%
3 Héléne Ségara
39%
1 Images
39%
1 Léo Ferré
39%
1 Louise Attaque
39%
3 Natasha St-Pier
39%
2 Nino Ferrer
39%
1 Pierre Perret
39%
1 Shy'm
39%
4 Vanessa Paradis
39%
1 Yannick Noah
39%
2 Annie Cordy
33%
3 Axelle Red
33%
2 Charles Trenet
33%
1 Chimene Badi
33%
3 Françoise Hardy
33%
1 François Feldman
33%
2 Gilbert Montagné
33%
7 Joe Dassin
33%
2 Joyce Jonathan
33%
1 Laam
33%
2 La compagnie créole
33%
3 Marc Lavoine
33%
1 Maurane
33%
5 Michel Delpech
33%
4 Michel Polnareff
33%
1 Mika
33%
2 Olivia Ruiz
33%
1 Renan Luce
33%
5 Starmania
33%
3 Alain Bashung
28%
2 Barbara
28%
2 Camélia Jordana
28%
1 Carla Bruni
28%
3 Claude Nougaro
28%
1 Damien Saez
28%
2 Dany Brillant
28%
2 Étienne Daho
28%
5 Gérald De Palmas
28%
3 Jacques Brel
28%
1 Juliette Armanet
28%
1 L5
28%
1 Larusso
28%
4 Les 10 Commandements
28%
1 Lio
28%
1 Maëlle
28%
2 Maxime Le Forestier
28%
1 Michèle Torr
28%
6 Michel Fugain
28%
3 Notre Dame de Paris
28%
1 Patrick Sébastien
28%
1 Peter et Sloane
28%
1 Sabine Paturel
28%
1 2 be 3
22%
2 Alain Chamfort
22%
1 Anais
22%
2 BB Brunes
22%
2 Brigitte Bardot
22%
1 Christine and the Queens
22%
2 C. Jérôme
22%
1 Claude Barzotti
22%
1 Corneille
22%
1 Emmanuel Moire
22%
1 Gérard Lenorman
22%
1 Indila
22%
1 Isabelle Boulay
22%
1 Jérémy Frérot
22%
1 Julie Pietri
22%
1 Julie Zenatti
22%
2 Liane Foly
22%
1 Mc Solaar
22%
3 Mike Brant
22%
2 Niagara
22%
1 Nicoletta
22%
1 Ophélie Winter
22%
1 Philippe Lavil
22%
2 Rita Mitsouko
22%
2 Roch Voisine
22%
3 Serge Lama
22%
1 Stephan Eicher
22%
1 Blues Trottoir
17%
1 Brigitte
17%
1 Cookie Dingler
17%
1 Dani
17%
1 David et Jonathan
17%
1 Diane Tell
17%
2 Disney
17%
1 Emma Daumas
17%
1 Francis Lalanne
17%
1 Georges Moustaki
17%
1 Gérard Blanc
17%
1 Henry Salvador
17%
2 Hugues Aufray
17%
1 Isabelle Adjani
17%
1 Jean Ferrat
17%
1 Jeanne Mas
17%
1 Keen'V
17%
1 Khaled
17%
2 Kids United
17%
2 Le Roi Soleil
17%
1 Les Enfoirés
17%
1 Marie Myriam
17%
1 Mecano
17%
1 Mickael Miro
17%
3 Mozart l'Opéra Rock
17%
1 Patrick Juvet
17%
1 Pauline
17%
1 Raphaël
17%
1 Rose
17%
1 Stone et Charden
17%
1 Superbus
17%
1 Tété
17%
1 Thierry Hazard
17%
1 Trois Cafés Gourmand
17%
1 Axel Bauer
11%
1 Barbara Pravi
11%
1 Ben l'Oncle Soul
11%
1 Boulevard des Airs
11%
1 Caroline Loeb
11%
1 Daniel Guichard
11%
1 Daniel Lavoie
11%
1 Didier Barbelivien
11%
1 Elli Medeiros
11%
2 Fredericks Goldman Jones
11%
1 Hatik
11%
2 Hervé Vilard
11%
1 Le Grand Orchestre du Splendid
11%
1 Léopold Nord et vous
11%
1 Les Frangines
11%
1 Les Poppys
11%
1 Mentissa
11%
1 Michel Jonasz
11%
1 Roméo & Juliette
11%
1 Sacha Distel
11%
1 Sinsemilia
11%
1 Sirima
11%
1 Stephanie
11%
2 Tina Arena
11%
1 Tino Rossi
11%
1 William Sheller
11%
1 Yves Duteil
11%
1 Corynne Charby
6%
1 Desireless
6%
1 Felix Gray
6%
1 Il était une fois
6%
1 Jean-Luc Lahaye
6%
1 Jean Schultheis
6%
1 La petite culote
6%
1 Luis Mariano
6%
1 Michael Jones
6%
1 Nicole Croisille
6%
1 Pauline Ester
6%
1 Pétula Clarck
6%
1 Pierre Bachelet
6%
1 Richard Cocciante
6%
1 Salvatore Adamo
6%
1 Teri Moïse
6%
1 Thierry Pastor
6%
2 Vitaa & Slimane
6%
1 Bézu et la Classe
0%
1 Lina Margy
0%
1 Marocco
0%
1 Patrick Coutin
0%
1 Roméo Elvis
0%
1 Serge Regiani
0%
1 Sita
0%
Aucun quiz correspondant
Distribution des résultats
% des personnes avec chaque résultat
Percentile par nombre de réponses
Votre historique - résultats
Vous n’avez pas pris ce quiz depuis la dernière actualisation